000
00274nam a22001217a 4500
008
181022b xxu||||| |||| 00| 0 eng d
041
_a
eng
080
_2
4 ED
_a
621
100
_a
37
101
_a
ENG
245
_a
Introduction Fluid Mechanics
_c
Fox.R.W
942
_2
udc
_c
BK
999
_c
50384
_d
50384